000
00329nam a22001337a 4500
008
250403b |||||||| |||| 00| 0 eng d
020
_a
9783185325
050
_a
HF5549
_b
.O86
100
_a
Owoechukwu Chukwuma
245
_a
Managing People
260
_a
Enugu State
_b
Egbeogu Publication
_c
2008
300
_a
xvi, 288
942
_c
BK
999
_c
2819
_d
2819